| 000 | 00362nam a2200157Ia 4500 | ||
|---|---|---|---|
| 008 | 210210b1956 xxu||||| |||| 00| 0 eng d | ||
| 041 | _aeng | ||
| 082 | _a828/88 | ||
| 100 | _aBROOKS (Van Wyck) | ||
| 245 | _aHelen Keller | ||
| 260 |
_aLondon _bJ M Dent and Sons Ltd. _c1956 |
||
| 650 | _aKeller | ||
| 650 | _aHelen | ||
| 690 | _aBiography | ||
| 906 | _a015933 | ||
| 999 |
_c135323 _d135323 |
||